000 nam a22 7a 4500
999 _c29323
_d29323
008 171127b xxu||||| |||| 00| 0 eng d
020 _a9788170353652
050 _aHD 9016 .C46 2006
100 _aChoudhury, Monalisa.
_d2006.
245 _aMarketing of Processed Fuit & Vegetable /
_cMonalisa, Choudhury.
250 _a1st ed.
260 _aIndia:
_bDaya,
_c2006.
300 _a197p. : ill..
_bincldes bibliographical references.
_c18cm
650 _aFruit trade
942 _2lcc
_cBOOKS
_hSB 9016 .C46 2006